000 00478cam a2200181ua 4500
003 OSt
008 240222b |||||||| |||| 00| 0 eng d
020 _a0 13 620226 5
041 _aeng
082 _a631.458
_bMIL/SO
100 _aMiller, Raymond W .
_96096
245 _aSoils: An introduction to soils and plant growth /
250 _a6 /
260 _aNew Jersey :
_bPrentice Hall Inc ,
_c1961.
300 _a768 ; .
700 1 _aDonahue, Roy L .
_96097
942 _cBK
999 _c4826
_d4826